[Event "Steyr Landesliga 1920"]
[Site "Austria"]
[Date "2020.03.07"]
[Round "9.3"]
[White "Goessler, Markus"]
[Black "Almer, Gerald"]
[Result "1-0"]
[WhiteElo "2145"]
[BlackElo "2088"]
[PlyCount "157"]
[EventDate "2019.09.28"]
[EventType "team-tourn"]
[EventRounds "11"]
[EventCountry "AUT"]
[SourceTitle "CBM 195 Extra"]
[Source "ChessBase"]
[SourceDate "2020.05.31"]
[SourceVersion "1"]
[SourceVersionDate "2020.05.31"]
[SourceQuality "1"]
[WhiteTeam "Baernbach"]
[BlackTeam "Feldbach Kirchberg"]
[WhiteTeamCountry "AUT"]
[BlackTeamCountry "AUT"]

1. e4 e5 2. Nf3 Qe7 3. Nc3 Nf6 4. Bc4 c6 5. 0-0 b5 6. Bb3 d6 7. d4 Bg4 8. dxe5 dxe5 9. Re1 Nbd7 10. a4 b4 11. Nb1 Nc5 12. Nbd2 Nfd7 13. Bc4 Nb6 14. a5 Nxc4 15. Nxc4 Rd8 16. Qe2 f6 17. Ne3 Bh5 18. Nf5 Qd7 19. Ng3 Bg4 20. h3 Be6 21. Be3 b3 22. Red1 Qc7 23. c3 Be7 24. Nf5 Bf8 25. Rxd8+ Kxd8 26. Nd2 g6 27. Ng3 Kc8 28. c4 Qb7 29. Qf3 Nd7 30. Ne2 Qb4 31. Nc3 Qb7 32. Qd1 Bc5 33. Qf3 Bb4 34. a6 Qb8 35. Rc1 Be7 36. Nd5 Kd8 37. Nxe7 Kxe7 38. Rc3 Qc8 39. Rxb3 Qxa6 40. Ra3 Qb7 41. b3 Ra8 42. Qd1 c5 43. Ra5 Qc6 44. Qa1 a6 45. Qa3 Kd6 46. b4 cxb4 47. Qxb4+ Kc7 48. Qe7 Kc8 49. Qxh7 f5 50. exf5 gxf5 51. f3 Rb8 52. Qe7 Rb2 53. Qa3 f4 54. Bxf4 Rc2 55. Be3 Bxc4 56. Nxc4 Qxc4 57. Bf2 Rc1+ 58. Kh2 Rc3 59. Qa4 Qe2 60. Rd5 Rc7 61. Bg1 Nf6 62. Qd1 Qb2 63. Rd8+ Kb7 64. Rd6 Rc6 65. Rxc6 Kxc6 66. Qd8 Nd5 67. Qa8+ Qb7 68. Qe8+ Kd6 69. Qg6+ Kd7 70. Qg7+ Kc6 71. Qxe5 a5 72. h4 a4 73. Qe8+ Kd6 74. Qxa4 Qf7 75. Bf2 Qg8 76. Qc4 Nf6 77. Qf4+ Ke7 78. Qe5+ Kf7 79. Bd4 1-0

[Event "Steyr Landesliga 1718"]
[Site "Austria"]
[Date "2018.02.03"]
[Round "8.6"]
[White "Almer, Gerald"]
[Black "Postl, Klaus"]
[Result "1/2-1/2"]
[WhiteElo "2124"]
[BlackElo "1891"]
[PlyCount "66"]
[EventDate "2017.09.30"]
[EventType "team-tourn"]
[EventRounds "11"]
[EventCountry "AUT"]
[SourceTitle "EXT 2019"]
[Source "ChessBase"]
[SourceDate "2018.10.10"]
[SourceVersion "1"]
[SourceVersionDate "2018.10.10"]
[SourceQuality "1"]
[WhiteTeam "Feldbach Kirchberg"]
[BlackTeam "Graz Schachgesellschaft"]
[WhiteTeamCountry "AUT"]
[BlackTeamCountry "AUT"]

1. d4 Nf6 2. g3 c5 3. d5 e6 4. dxe6 fxe6 5. Bg2 d5 6. Nf3 Bd6 7. 0-0 0-0 8. Nc3 Nc6 9. Bg5 h6 10. Bxf6 Qxf6 11. Nh4 Be5 12. Qd2 Bxc3 13. bxc3 Ne5 14. f4 Nc4 15. Qd3 Nd6 16. f5 c4 17. Qe3 Qg5 18. Qc5 Nxf5 19. Nxf5 Rxf5 20. Rxf5 exf5 21. Bxd5+ Kh7 22. Qxc4 Qe3+ 23. Kg2 Bd7 24. Qd3 Re8 25. Bf3 Bc6 26. Qxf5+ Kh8 27. Re1 Qxc3 28. Kf1 Qa3 29. Qd3 Qxa2 30. Bxc6 bxc6 31. e4 Qe6 32. Kg2 a5 33. Qc3 Ra8 1/2-1/2

[Event "Leitersdorf Region-ch"]
[Site "Leitersdorf"]
[Date "2017.01.06"]
[Round "3.2"]
[White "Schnider, Gert"]
[Black "Almer, Gerald"]
[Result "1-0"]
[WhiteElo "2407"]
[BlackElo "2124"]
[PlyCount "63"]
[EventDate "2017.01.04"]
[EventType "swiss"]
[EventRounds "5"]
[EventCountry "AUT"]
[SourceTitle "EXT 2024"]
[Source "ChessBase"]
[SourceDate "2023.10.10"]
[SourceVersion "1"]
[SourceVersionDate "2023.10.10"]
[SourceQuality "1"]

1. e4 c5 2. Nf3 e6 3. d4 cxd4 4. Nxd4 Nc6 5. Nc3 Qc7 6. Be3 a6 7. Qd2 Nf6 8. 0-0-0 Be7 9. f3 b5 10. Kb1 Ne5 11. g4 Nc4 12. Bxc4 Qxc4 13. g5 Nh5 14. Nce2 g6 15. Ng3 Ng7 16. f4 d6 17. f5 Bd8 18. Rhf1 0-0 19. f6 Ne8 20. b3 Qc7 21. h4 Qb7 22. h5 a5 23. Rh1 b4 24. Qh2 e5 25. Nc6 Bxf6 26. gxf6 Nxf6 27. Rxd6 Ng4 28. Qh4 Re8 29. hxg6 fxg6 30. Rxg6+ hxg6 31. Qh8+ Kf7 32. Rh7+ 1-0

[Event "Steyr Landesliga 1617"]
[Site "Austria"]
[Date "2016.10.29"]
[Round "3.3"]
[White "Almer, Gerald"]
[Black "Alvir, Aco"]
[Result "0-1"]
[WhiteElo "2146"]
[BlackElo "2362"]
[PlyCount "70"]
[EventDate "2016.10.01"]
[EventType "team-tourn"]
[EventRounds "11"]
[EventCountry "AUT"]
[SourceTitle "CBM 175 Extra"]
[Source "ChessBase"]
[SourceDate "2016.12.12"]
[SourceVersion "1"]
[SourceVersionDate "2016.12.12"]
[SourceQuality "1"]
[WhiteTeam "Feldbach Kirchberg"]
[BlackTeam "Pinggau Friedberg"]
[WhiteTeamCountry "AUT"]
[BlackTeamCountry "AUT"]

1. d4 Nf6 2. c4 g6 3. Nc3 Bg7 4. e4 d6 5. h3 0-0 6. Nf3 e5 7. d5 Nh5 8. g3 Na6 9. Bg5 Qe8 10. Be2 Bd7 11. Nd2 Nc5 12. Bxh5 gxh5 13. Qxh5 b5 14. Qe2 b4 15. Nd1 f5 16. Be3 Nxe4 17. Nxe4 fxe4 18. Bd2 a5 19. a3 Qg6 20. axb4 axb4 21. Rxa8 Rxa8 22. Bxb4 e3 23. Qxe3 Ra4 24. Bd2 Rxc4 25. Nc3 Rb4 26. Bc1 e4 27. Kf1 Bd4 28. Qxe4 Qf6 29. Nd1 Bc5 30. Qg2 Bb5+ 31. Ke1 Rc4 32. Bd2 Qe5+ 33. Ne3 Bb4 34. Qf3 Rc1+ 35. Qd1 Qxb2 0-1

[Event "St Veit op-A 35th"]
[Site "St Veit"]
[Date "2016.07.15"]
[Round "8"]
[White "Almer, Gerald"]
[Black "Ivanov, Mikhail M"]
[Result "0-1"]
[WhiteElo "2142"]
[BlackElo "2400"]
[PlyCount "72"]
[EventDate "2016.07.09"]
[EventType "swiss"]
[EventRounds "9"]
[EventCountry "AUT"]
[SourceTitle "EXT 2017"]
[Source "ChessBase"]
[SourceDate "2016.10.25"]
[SourceVersion "1"]
[SourceVersionDate "2016.10.25"]
[SourceQuality "1"]

1. d4 Nf6 2. c4 d6 3. Nc3 Nbd7 4. g3 e5 5. Bg2 g6 6. Nf3 Bg7 7. 0-0 0-0 8. dxe5 dxe5 9. b3 Re8 10. Bb2 e4 11. Nd4 c6 12. Nc2 Qe7 13. Ne3 a5 14. Qc2 Nc5 15. Rad1 h5 16. Ba3 b6 17. Na4 Qa7 18. Nxc5 bxc5 19. Rd6 a4 20. bxa4 Qxa4 21. Qxa4 Rxa4 22. Bxc5 Rxa2 23. Rxc6 Rxe2 24. Rb1 Bg4 25. Bd4 Nh7 26. Bxg7 Kxg7 27. Nxg4 hxg4 28. h4 gxh3 29. Bxh3 Ng5 30. Bg4 Ra2 31. Re1 f5 32. f4 Ne6 33. Be2 Nd4 34. Rc7+ Kf6 35. Kf2 e3+ 36. Kf1 Rh8 0-1

[Event "Steyr Landesliga 1516"]
[Site "Austria"]
[Date "2016.01.23"]
[Round "6.2"]
[White "Almer, Gerald"]
[Black "Kiss, Attila"]
[Result "0-1"]
[WhiteElo "2138"]
[BlackElo "2374"]
[PlyCount "110"]
[EventDate "2015.09.26"]
[EventType "team-tourn"]
[EventRounds "11"]
[EventCountry "AUT"]
[SourceTitle "CBM 170 Extra"]
[Source "ChessBase"]
[SourceDate "2016.02.25"]
[SourceVersion "1"]
[SourceVersionDate "2016.02.25"]
[SourceQuality "1"]
[WhiteTeam "Feldbach Kirchberg"]
[BlackTeam "Fuerstenfeld/Hartberg"]
[WhiteTeamCountry "AUT"]
[BlackTeamCountry "AUT"]

1. d4 d5 2. Nf3 Nf6 3. g3 c6 4. Bg2 Bf5 5. 0-0 e6 6. c4 Nbd7 7. b3 Be7 8. Nbd2 0-0 9. Nh4 Bg4 10. Bb2 a5 11. Nhf3 h6 12. Re1 Qb6 13. e4 dxe4 14. Nxe4 Nxe4 15. Rxe4 Nf6 16. Re3 Rfd8 17. h3 Bxf3 18. Qxf3 Rd7 19. Rae1 Qd8 20. Qe2 a4 21. a3 axb3 22. Rxb3 Qf8 23. Qe3 Qd8 24. Rb1 Ne8 25. Be4 Bf6 26. c5 Ra4 27. Bc2 Ra7 28. Bc3 g6 29. h4 h5 30. a4 Bg7 31. a5 Qe7 32. Qf4 Ra8 33. a6 bxa6 34. Rb6 Nf6 35. Rb8+ Rxb8 36. Rxb8+ Kh7 37. Qf3 Rd5 38. Bb3 Qa7 39. Rb6 a5 40. Ba4 Ng4 41. Bxc6 Rf5 42. Qd3 Nxf2 43. Qe2 Nh3+ 44. Kh1 Rf2 45. Qe3 Bh6 46. Qe5 Bg7 47. Qd6 Rc2 48. Bg2 Nf2+ 49. Kg1 Ng4 50. Be1 Bh6 51. Rb1 a4 52. Bc3 Rxc3 53. Be4 a3 54. Rb7 Qxb7 55. Bxb7 a2 0-1

[Event "Leitersdorf op"]
[Site "Leitersdorf"]
[Date "2016.01.05"]
[Round "4"]
[White "Almer, Gerald"]
[Black "Sailer, Werner"]
[Result "1-0"]
[WhiteElo "2146"]
[BlackElo "1816"]
[PlyCount "51"]
[EventDate "2016.01.02"]
[EventType "swiss"]
[EventRounds "5"]
[EventCountry "AUT"]
[SourceTitle "CBM 170 Extra"]
[Source "ChessBase"]
[SourceDate "2016.02.25"]
[SourceVersion "1"]
[SourceVersionDate "2016.02.25"]
[SourceQuality "1"]

1. d4 d5 2. Nf3 Nf6 3. c4 dxc4 4. Nc3 c6 5. g3 e6 6. Bg2 Nbd7 7. 0-0 Be7 8. Qc2 h6 9. Rd1 Nd5 10. e4 Nxc3 11. Qxc3 Nf6 12. Ne5 0-0 13. Nxc4 Bd7 14. Bf4 b5 15. Ne5 Rc8 16. b4 Be8 17. Rac1 Nh5 18. Be3 Qc7 19. Nd3 Nf6 20. d5 exd5 21. exd5 Bd7 22. dxc6 Be6 23. Nc5 Bxc5 24. Qxc5 Qb8 25. c7 Qb6 26. Qxf8+ 1-0

[Event "Steyr Landesliga 1516"]
[Site "Austria"]
[Date "2015.10.24"]
[Round "3.3"]
[White "Alvir, Aco"]
[Black "Almer, Gerald"]
[Result "1-0"]
[WhiteElo "2355"]
[BlackElo "2138"]
[PlyCount "49"]
[EventDate "2015.09.26"]
[EventType "team-tourn"]
[EventRounds "11"]
[EventCountry "AUT"]
[SourceTitle "EXT 2017"]
[Source "ChessBase"]
[SourceDate "2016.10.25"]
[SourceVersion "1"]
[SourceVersionDate "2016.10.25"]
[SourceQuality "1"]
[WhiteTeam "Pinggau Friedberg"]
[BlackTeam "Feldbach Kirchberg"]
[WhiteTeamCountry "AUT"]
[BlackTeamCountry "AUT"]

1. e4 c5 2. Nf3 e6 3. d4 cxd4 4. Nxd4 a6 5. Bd3 Bc5 6. Nb3 Be7 7. Qg4 g6 8. Qe2 d6 9. 0-0 Nd7 10. Nc3 b5 11. a4 b4 12. Na2 a5 13. c3 Nc5 14. Bb5+ Kf8 15. Nxc5 dxc5 16. Bf4 Kg7 17. cxb4 cxb4 18. Rfd1 Qb6 19. Rac1 Bc5 20. b3 Bd4 21. Rc6 Qa7 22. Rc7 Qb6 23. Qf3 Nf6 24. e5 Nd5 25. Rxf7+ 1-0

[Event "AUT-ch"]
[Site "Pinkafeld"]
[Date "2015.07.28"]
[Round "4"]
[White "Almer, Gerald"]
[Black "Kreisl, Robert"]
[Result "1/2-1/2"]
[WhiteElo "2123"]
[BlackElo "2454"]
[PlyCount "252"]
[EventDate "2015.07.25"]
[EventType "swiss"]
[EventRounds "9"]
[EventCountry "AUT"]
[SourceTitle "CBM 167 Extra"]
[Source "ChessBase"]
[SourceDate "2015.09.14"]
[SourceVersion "1"]
[SourceVersionDate "2015.09.14"]
[SourceQuality "1"]

1. d4 Nf6 2. c4 c5 3. Nf3 cxd4 4. Nxd4 Nc6 5. Nc3 e6 6. a3 Be7 7. g3 0-0 8. Bg2 Ne5 9. b3 a6 10. 0-0 Qc7 11. Bb2 d6 12. e4 Bd7 13. Qe2 Rac8 14. Rac1 Qb6 15. Rfd1 Ne8 16. Kh1 Bf6 17. Nb1 Qc7 18. f4 Nc6 19. b4 Nxd4 20. Bxd4 Bxd4 21. Rxd4 e5 22. Rd2 exf4 23. gxf4 Be6 24. Rdc2 f6 25. f5 Bf7 26. c5 Qe7 27. c6 b5 28. Qd3 Nc7 29. Nc3 Qe5 30. Nd5 Bxd5 31. exd5 Rfe8 32. Rc3 Re7 33. Rg1 Rce8 34. Qf3 Qd4 35. Rd3 Qh4 36. Qg3 Qxg3 37. hxg3 g6 38. g4 Kg7 39. Bf3 Re3 40. Rgd1 Rxd3 41. Rxd3 gxf5 42. Kg2 f4 43. Rd4 Re3 44. Rxf4 Rxa3 45. g5 fxg5 46. Rf5 a5 47. Rxg5+ Kf6 48. Rh5 axb4 49. Rxh7 Ra7 50. Rh4 b3 51. Rb4 Ra2+ 52. Kg3 b2 53. Rb3 Kf5 54. Rb4 Ke5 55. Bg2 Kf6 56. Bf3 Ke7 57. Rb3 Kd8 58. Kf4 Kc8 59. Be4 Kb8 60. Kf5 Ka7 61. Bb1 Ra4 62. Rxb2 Kb6 63. Ba2 Rd4 64. Rc2 b4 65. Kf6 Re4 66. Kf7 Re3 67. Kf6 b3 68. Bxb3 Rxb3 69. Ke7 Nxd5+ 70. Kxd6 Nc7 71. Rd2 Rc3 72. Rb2+ Nb5+ 73. Kd5 Rc5+ 74. Ke4 Kxc6 75. Rh2 Nd6+ 76. Kd4 Rd5+ 77. Ke3 Kc5 78. Rh8 Re5+ 79. Kd3 Rg5 80. Ke3 Kd5 81. Rd8 Ke5 82. Kf3 Rg7 83. Ra8 Rf7+ 84. Ke3 Nf5+ 85. Kd3 Rd7+ 86. Kc3 Nd6 87. Rh8 Ne4+ 88. Kc4 Rd4+ 89. Kb3 Kd5 90. Rd8+ Nd6 91. Rh8 Rf4 92. Kc3 Nb5+ 93. Kb3 Nd4+ 94. Kb4 Nc6+ 95. Kc3 Rf3+ 96. Kd2 Rg3 97. Rh7 Ne5 98. Rh8 Nc4+ 99. Kc2 Nd6 100. Rd8 Ke5 101. Rh8 Kd4 102. Rd8 Rc3+ 103. Kd2 Rd3+ 104. Kc2 Kc4 105. Rd7 Rd5 106. Rd8 Rd3 107. Rd7 Rc3+ 108. Kd2 Ne4+ 109. Ke2 Rh3 110. Rd8 Nc3+ 111. Kf2 Nd5 112. Ra8 Kd3 113. Re8 Nf6 114. Ra8 Ne4+ 115. Kg2 Rg3+ 116. Kf1 Rg6 117. Ra3+ Kd2 118. Ra2+ Ke3 119. Ra3+ Kf4 120. Ra4 Rc6 121. Ke2 Rd6 122. Ke1 Rd3 123. Ke2 Rd2+ 124. Ke1 Rb2 125. Kd1 Ra2 126. Rxa2 Nc3+ 1/2-1/2

[Event "St Veit op 34th"]
[Site "St Veit"]
[Date "2015.07.15"]
[Round "6"]
[White "Guido, Flavio"]
[Black "Almer, Gerald"]
[Result "1-0"]
[WhiteElo "2361"]
[BlackElo "2123"]
[PlyCount "65"]
[EventDate "2015.07.11"]
[EventType "swiss"]
[EventRounds "9"]
[EventCountry "AUT"]
[SourceTitle "EXT 2016"]
[Source "ChessBase"]
[SourceDate "2015.10.08"]
[SourceVersion "1"]
[SourceVersionDate "2015.10.08"]
[SourceQuality "1"]

1. e4 c5 2. Nf3 e6 3. c3 d5 4. e5 d4 5. Bd3 Bd7 6. 0-0 Bc6 7. Re1 Ne7 8. Be4 Bxe4 9. Rxe4 Nbc6 10. cxd4 cxd4 11. d3 Nf5 12. a3 Be7 13. b4 Qd5 14. Nbd2 h5 15. Rb1 b5 16. Nb3 g5 17. Bb2 a5 18. bxa5 g4 19. Nfxd4 Nfxd4 20. Nxd4 Rxa5 21. Bc3 Rxa3 22. Nxb5 0-0 23. Nxa3 Bxa3 24. h3 Rd8 25. hxg4 Qxe4 26. dxe4 Rxd1+ 27. Rxd1 hxg4 28. Kh2 Bc5 29. Kg3 Kg7 30. Rd2 Bb4 31. Bxb4 Nxb4 32. Kxg4 Nc6 33. f4 1-0

[Event "Steyr Landesliga 1314"]
[Site "Austria"]
[Date "2014.03.01"]
[Round "8.3"]
[White "Dietmayer Kraeutler, Marco"]
[Black "Almer, Gerald"]
[Result "1-0"]
[WhiteElo "2219"]
[BlackElo "2110"]
[PlyCount "87"]
[EventDate "2013.09.28"]
[EventType "team-tourn"]
[EventRounds "11"]
[EventCountry "AUT"]
[SourceTitle "EXT 2015"]
[Source "ChessBase"]
[SourceDate "2014.11.20"]
[SourceVersion "1"]
[SourceVersionDate "2014.11.20"]
[SourceQuality "1"]
[WhiteTeam "Leoben"]
[BlackTeam "Feldbach Kirchberg"]
[WhiteTeamCountry "AUT"]
[BlackTeamCountry "AUT"]

1. d4 Nf6 2. c4 g6 3. Nc3 d5 4. cxd5 Nxd5 5. e4 Nxc3 6. bxc3 Bg7 7. Bc4 c5 8. Ne2 Nc6 9. Be3 0-0 10. 0-0 Bd7 11. Qd2 cxd4 12. cxd4 a6 13. h4 b5 14. Bd3 Qa5 15. Qxa5 Nxa5 16. Rac1 Rfc8 17. f3 Rxc1 18. Rxc1 Rc8 19. Kf2 e6 20. h5 Bf8 21. e5 Ba3 22. Rh1 Be7 23. Ng3 Nc4 24. Bc1 Bc6 25. Ke2 Bd5 26. Ne4 Nb6 27. Bd2 Bxa2 28. hxg6 hxg6 29. Ra1 Bc4 30. Rxa6 Bxd3+ 31. Kxd3 Nd5 32. Ra7 b4 33. Rb7 Ra8 34. Nc5 Ra5 35. Nb3 Ra2 36. g4 Rb2 37. Na5 Rb1 38. f4 Kg7 39. f5 gxf5 40. gxf5 Ra1 41. Nc6 Ra3+ 42. Kc4 Ra2 43. Nxe7 Rxd2 44. Nxd5 1-0